| 000 | 00497nam a2200205Ia 4500 | ||
|---|---|---|---|
| 008 | 170918s9999 xx 000 0 und d | ||
| 020 | _a185326509 | ||
| 050 | _bH895le 1994 | ||
| 100 | _aHugo, Victor | ||
| 245 | _aLes Miserables / | ||
| 245 | _cby Victor Hugo. | ||
| 260 | _aWare, Hertfordshire : | ||
| 260 | _bWordsworth classics, | ||
| 260 | _c1994 | ||
| 300 | _a981 pages : | ||
| 300 | _billustrations ; | ||
| 300 | _c19cm. | ||
| 300 | _eWordsworth classics ; | ||
| 440 | _avol 2. | ||
| 999 |
_c343462 _d343462 |
||